LEADER 01442nam 2200349 n 450 001 996395608303316 005 20221103135110.0 035 $a(CKB)3810000000014403 035 $a(EEBO)2240937152 035 $a(UnM)9959507100971 035 $a(EXLCZ)993810000000014403 100 $a19810218d1706 uy 101 0 $aeng 135 $aurbn||||a|bb| 200 12$aA discourse concerning the unchangeable obligations of natural religion, and the truth and certainty of the Christian revelation$b[electronic resource] $eBeing eight sermons preach'd at the cathedral-church of St Paul, in the year 1705, at the lecture founded by the honourable Robert Boyle Esq; /$fBy Samuel Clark .. 210 $aLondon, $cPrinted by W. Botham, for James Knapton, at the Crown in St Paul's Church-Yard.$d1706 215 $a[1]+ p 300 $aFragment: title page only. 300 $aReproduction of original in the British Library. 330 $aeebo-0018 606 $aSermons, English$y18th century 608 $aTitle pages$zEngland$y18th century. 615 0$aSermons, English 700 $aClarke$b Samuel$f1675-1729.$0148543 801 0$bUk-ES 801 1$bUk-ES 801 2$bCStRLIN 801 2$bCu-RivES 906 $aBOOK 912 $a996395608303316 996 $aA discourse concerning the unchangeable obligations of natural religion, and the truth and certainty of the Christian revelation$92319105 997 $aUNISA LEADER 02315oam 2200613 450 001 9910712970803321 005 20200228091641.0 035 $a(CKB)5470000002498483 035 $a(OCoLC)867079611 035 $a(EXLCZ)995470000002498483 100 $a20140102d1997 ua 0 101 0 $aeng 135 $aurun||||a|a|| 181 $ctxt$2rdacontent 182 $cc$2rdamedia 183 $acr$2rdacarrier 200 10$aComparison of two surveys of hospitalization $ethe National Hospital Discharge Survey and the NHANES I Epidemiologic Followup Study /$fby Louise B. Russell, Edwin Milan, and Radha Jagannathan 210 1$aHyattsville, Maryland :$cU.S. Department of Health and Human Services, Centers for Disease Control and Prevention, National Center for Health Statistics,$d1997. 215 $a1 online resource (iii, 16 pages) $cillustrations 225 1 $aVital and health statistics. Series 2, Data evaluation and methods research ;$vno. 123 225 1 $aDHHS publication ;$vno. (PHS) 97-1397 300 $a"September 1997." 300 $a"7-0565 (9/97)"--Page 4 of cover. 320 $aIncludes bibliographical references (page 11). 517 $aComparison of two surveys of hospitalization 606 $aHospital utilization$zUnited States$vStatistics 606 $aMedical care surveys$zUnited States 606 $aHospital utilization$2fast 606 $aMedical care surveys$2fast 607 $aUnited States$2fast 608 $aStatistics.$2fast 608 $aStatistics.$2lcgft 615 0$aHospital utilization 615 0$aMedical care surveys 615 7$aHospital utilization. 615 7$aMedical care surveys. 700 $aRussell$b Louise B.$085677 702 $aMilan$b Edwin 702 $aJagannathan$b Radha 712 02$aNational Hospital Discharge Survey (U.S.) 712 02$aNational Health and Nutrition Examination Survey (U.S.).$bEpidemiologic Followup Study. 712 02$aNational Center for Health Statistics (U.S.), 801 0$bOCLCE 801 1$bOCLCE 801 2$bOCLCO 801 2$bOCLCF 801 2$bOCLCQ 801 2$bW2U 801 2$bOCLCA 801 2$bGPO 906 $aBOOK 912 $a9910712970803321 996 $aComparison of two surveys of hospitalization$93525849 997 $aUNINA LEADER 03131nam 2200661 450 001 9910815326603321 005 20230828223631.0 010 $a0-19-770085-3 010 $a1-280-47374-6 010 $a1-4237-4560-4 010 $a0-19-535026-X 010 $a1-4337-0100-6 035 $a(CKB)1000000000363127 035 $a(EBL)279833 035 $a(OCoLC)560172263 035 $a(SSID)ssj0000147113 035 $a(PQKBManifestationID)11152914 035 $a(PQKBTitleCode)TC0000147113 035 $a(PQKBWorkID)10006096 035 $a(PQKB)11009933 035 $a(Au-PeEL)EBL4702567 035 $a(CaPaEBR)ebr11273629 035 $a(OCoLC)62868626 035 $a(MiAaPQ)EBC4702567 035 $a(EXLCZ)991000000000363127 100 $a20161012h20062006 uy 0 101 0 $aeng 135 $aur|n|---||||| 181 $ctxt 182 $cc 183 $acr 200 00$aEndocrine disruption $ebiological bases for health effects in wildlife and humans /$fedited by David O. Norris and James A. Carr 210 1$aOxford, England :$cOxford University Press,$d2006. 210 4$dİ2006 215 $a1 online resource (492 p.) 300 $aDescription based upon print version of record. 311 $a0-19-513749-3 320 $aIncludes bibliographical references and index. 327 $aContents; Contributors; 1. Introduction to Endocrinology; 2. Hormone Action on Receptors; 3. The Hypothalamus-Pituitary Axis; 4. The Thyroid Gland; 5. The Adrenal Glands; 6. The Gonads; Introduction to Part II; 7. Introduction to the Science of Toxicology; 8. Probabilistic Risk Assessment; 9. Fish and Wildlife as Sentinels of Environmental Contamination; Introduction to Part III; 10. Polychlorinated Dibenzo-p-Dioxins: Potential Mechanisms and Risk as Endocrine Disruptors; 11. Toxicology of PCBs and Related Compounds 327 $a12. DDT and Its Analogues: New Insights into Their Endocrine-Disrupting Effects on Wildlife13. Heavy Metals; 14. Effects of Alkylphenolic Compounds on Wildlife; 15. Endocrine-Active Phytochemicals: Environmental Signaling Context and Mechanisms; 16. Triazines; Appendices; Index; A; B; C; D; E; F; G; H; I; J; K; L; M; N; O; P; Q; R; S; T; U; V; W; X; Z 330 $aAddresses the biological effects of the large number of compounds that have been recognized as endocrine disrupters. This book presents the relevant fundamentals of the endocrine systems of animals and humans, the toxicology, developmental toxicology, ecology, and risk assessment methods, and lays out the state of understanding for the field. 606 $aEndocrine toxicology 606 $aReproductive toxicology 606 $aEnvironmental toxicolo 615 0$aEndocrine toxicology. 615 0$aReproductive toxicology. 615 0$aEnvironmental toxicolo. 676 $a571.9/51 700 $aNorris$b David O$0307128 702 $aNorris$b David O. 702 $aCarr$b James A. 801 0$bMiAaPQ 801 1$bMiAaPQ 801 2$bMiAaPQ 906 $aBOOK 912 $a9910815326603321 996 $aEndocrine disruption$94005220 997 $aUNINA